000 00665nam a22002297a 4500
003 UA-OsUOA
001 65486
007 ta
008 20091124b un ||||| |||| 00| 0 ukr d
100 _aДяченко О.В.
700 _aЧерновол К.
090 _a902
_bД99
942 _cSA
040 _aUA-OsUOA
_bukr
_cUA-OsUOA
_dUA-OsUOA
245 _aСклад сім'ї населення західнотрипільської культури
300 _aС.3-12
955 _a0
041 _aukr
080 _a902
773 0 _w65485
_tАрхеологія
_dК.
_d2009
_g3
650 7 _a9 Географія. Біографії. Історія
_2UDC
999 _c352663
_d352663